SAHAJA YOGA : THE UNIQUE DISCOVERY

Bibliographic Details
Main Author: Shri Nirmala Devi (Author)
Format: Book

MARC

LEADER 00000cam a2200000 7i4500
001 0000313669
005 20240403143744.0
006 a# ###g ###s
007 ta
008
040 |a MBPJ   |b eng   |c MBPJ   |e rda 
090 4 |a MON 269 
100 0 |a Shri Nirmala Devi ,   |e author 
245 1 0 |a SAHAJA YOGA :   |b THE UNIQUE DISCOVERY   |c Shri Nirmala Devi 
264 0 |a a[place of publication not identified] :   |b [publisher not identified]   |c [date of publication not identified] 
300 |a 1 volume (various paging) ;   |c 21 cm. 
336 |a text  |2 rdacontent 
337 |a unmediated  |2 rdamedia 
338 |a volume  |2 rdacarrier 
500 |a Bahan monograf - (22/11/2023) 
999 |a BA1986/23   |b BAHAN MONOGRAF   |c KOLEKSI BAHAN ARKIB   |e PERPUSTAKAAN KOMUNITI PETALING JAYA